1163 1039 1747 1524 1786 1104 1320 1006 1383 1424 1215 1118 1686 1219 1089 1306 1680 1923 1743 1408 1837 1763 1831 1604 1191 1500 1340 1935 1366 1463 1156 1709 1115 1264 1078 1387 1184 1071 1919 1229 1705 1516 1348 1071 1604 1170 1303 1597 1510 1277 1533 1503 1814 1733 1250 1843 1692 1000 1809 1755 1605 1172 1805 1327 1630 1903 1268 1881 1979 1814 1576 1184 1014 1308 1255 1234 1989 1769 1175 1107 1700 1970 1414 1048 1464 1622 1518 1307 1991 1355 1679 1105 1997 1461 1969 1978 1578 1635 1798 BCNSPRNW ULIB Ver.6.0+V

เปลี่ยนเป็นภาษาไทย

Change to English
 แสดงรายละเอียดบรรณานุกรม
  กลับหน้าหลัก

Brief Record : Get Marc (ISO 2709) : E-mail record : QR code < ปิดหน้าต่าง
LEADER : 00000nam 2200000uu 4500
001    13399108370
003     ULIB
008    110302s2549||||th 000 0 tha d
020    9742442177
060 04 QV55^bค124บ 2549
245 00 บัญชียาจากสมุนไพร พ.ศ. 2549ตามประกาศคณะกรรมการแห่งชาติด้านยา (ฉบับที่ 5) พ.ศ. 2549 เรื่องบัญชียาหลักแห่งชาติ พ.ศ. 2547 (ฉบับที่ 4) =^bList ofherbal medicinal products A.D. 2006 /^cคณะกรรมการแห่งชาติด้านยา
246 30 บัญชียาหลักแห่งชาติ พ.ศ. 2547 (ฉบับที่ 4)
246 31 List of herbal medicine products A.D. 2006
260    กรุงเทพฯ :^bโรงพิมพ์ชุมนุมสหกรณ์แห่งประเทศไทย,^c2549
300    iii, ก-ฏ, 100 หน้า ;^c30 ซม.
650  7 ตำรับยาหลวง
650  7 ยาแผนโบราณ^zไทย
650  7 ยาสมุนไพร^zไทย
650  7 สมุนไพร
653    ยาจำเป็น
653    บัญชียาหลักแห่งชาติ
710 2  คณะกรรมการแห่งชาติด้านยา
945    ^p0^l0^i025723
945    ^p0^l0^i025724
945    ^p0^l0^i025721
945    ^p0^l0^i025129
945    ^p0^l0^i025127
945    ^p0^l0^i025126
945    ^p0^l0^i025125
945    ^p0^l0^i025722
945    ^p0^l0^i025720
945    ^p0^l0^i025128
995    ทศพร
999 ^a ใช้งานได้ทุกระบบ
รายการนี้ยังไม่มีแท็ก
คุณยังไม่ได้ล็อกอิน คุณสามารถมีกิจกรรมร่วมกับเว็บไซต์ได้ แต่ต้องล็อกอินก่อน ::
  ล็อกอิน

รายการสื่อสารสนเทศ

ลำดับที่ ประเภท เลขเรียก/บาร์โค้ด สถานที่ สถานะ
- ไม่พบข้อมูล -

รายการใกล้เคียง
    หัวเรื่อง [ตำรับยาหลวง]
    หัวเรื่อง [สมุนไพร]

BibComment


ยังไม่เคยถูกคอมเมนท์

คอมเมนท์ทรัพยากรรายการนี้
  คอมเมนท์: บัญชียาจากสมุนไพร..


 Copyright 2026. Bcnsprnw @Library